Представление документа в формате MARC21

Поле Инд. ПП Название Значение
Тип записи a
Библиографический уровень b
001 Контрольный номер RU/IS/BASE/220459217
005 Дата корректировки 20220715140335.3
008 Кодируемые данные 20061226
040 b Код языка каталог. rus
e Правила каталог. PSBO
041 0_ a Код языка текста rus
084 a Индекс другой классификации/Индекс ББК 65.01; 60.561.37; 66.4
100 1_ a Автор Самойленко Н. Н.
245 10 a Заглавие Основы анализа деятельности транснациональных корпораций в американских политэкономических иследованиях
504 a Библиография Библиогр. ссылки. - Примеч.
650 a Основная рубрика международные отношения
a Основная рубрика политика
a Основная рубрика политическая социология
a Основная рубрика социология
a Основная рубрика экономика
a Основная рубрика экономическая теория
653 a Ключевые слова OLI-парадигма
a Ключевые слова XX век
a Ключевые слова анализ деятельности
a Ключевые слова иностранные инвестиции
a Ключевые слова история политических учений
a Ключевые слова политическая экономия
a Ключевые слова политология
a Ключевые слова политэкономические исследования
a Ключевые слова прямые иностранные инвестиции
a Ключевые слова социология международных отношений
a Ключевые слова США
a Ключевые слова транснациональные корпорации (ТНК)
a Ключевые слова финансы
a Ключевые слова эклектическая парадигма
773 0_ t Заглавие источника Вестник Московского университета. Серия 18, Социология и политология
d Дата издания источника 2006
g Прочая информация № 4. - С. 117 - 132
w Контрольный № источника RU/IS/BASE/219330550
901 t Тип документа b